| 000 | 00901nam a2200277Ia 4500 | ||
|---|---|---|---|
| 003 | OSt | ||
| 005 | 20220928125832.0 | ||
| 006 | a|||||r|||| 00| 0 | ||
| 007 | ta | ||
| 008 | 220927b |||||||| |||| 00| 0 eng d | ||
| 020 | _c9412 | ||
| 024 | _a109009 | ||
| 037 |
_b645, 01/09/2010, Insat Books and Periodicals _cTextual |
||
| 040 |
_aSDCL _cSDCL _beng |
||
| 041 |
_2eng _aeng |
||
| 082 | _aL12:46:5, Q0 | ||
| 100 |
_aDube Laurette _9471704 |
||
| 245 | 0 |
_aObesity prevention _b The role of brain and society on individual behavior. |
|
| 260 |
_aAmsterdam _bAcademic Press _c2010 |
||
| 300 |
_axviii,801p. _ccm. |
||
| 650 | _aPsychology | ||
| 700 |
_a Bechara Antoine _9471705 |
||
| 700 |
_a Dagher Alain _9471706 |
||
| 942 |
_hL12:46:5, Q0 _cTEXL _2CC |
||
| 999 |
_c784275 _d784275 |
||